<?xml version="1.0" encoding="UTF-8"?>
<collection xmlns="http://www.loc.gov/MARC21/slim">
 <record>
  <leader>01518nam a22002177a 4500</leader>
  <controlfield tag="001">NCT_143899</controlfield>
  <controlfield tag="008">180921b        xxu||||| |||| 00| 0 vie d</controlfield>
  <datafield tag="999" ind1=" " ind2=" ">
   <subfield code="c">7409</subfield>
   <subfield code="d">7409</subfield>
  </datafield>
  <datafield tag="020" ind1=" " ind2=" ">
   <subfield code="a">9786049885624</subfield>
   <subfield code="c">99000</subfield>
  </datafield>
  <datafield tag="082" ind1="0" ind2="4">
   <subfield code="2">23rd ed.</subfield>
   <subfield code="a">658.8</subfield>
   <subfield code="b">K52</subfield>
  </datafield>
  <datafield tag="100" ind1="1" ind2=" ">
   <subfield code="a">King, Katie</subfield>
  </datafield>
  <datafield tag="245" ind1="1" ind2="0">
   <subfield code="a">Trí tuệ nhân tạo trong marketing</subfield>
   <subfield code="c">Katie King ; Lê Tường Vân (dịch)</subfield>
  </datafield>
  <datafield tag="260" ind1=" " ind2=" ">
   <subfield code="a">H.</subfield>
   <subfield code="b">Công Thương</subfield>
   <subfield code="c">2020</subfield>
  </datafield>
  <datafield tag="300" ind1=" " ind2=" ">
   <subfield code="a">269 tr.</subfield>
   <subfield code="b">Minh họa</subfield>
   <subfield code="c">24cm</subfield>
  </datafield>
  <datafield tag="520" ind1="3" ind2=" ">
   <subfield code="a">Phân tích những hiệu quả của việc ứng dụng AI trong marketing ở các khu vực: châu Á - Thái Bình Dương với ngành du lịch; châu Âu với ba ngành mà AI đang tạo ra sự biến đổi lớn là viễn thông, ngân hàng và môi trường xây dựng (bao gồm bất động sản, xây dựng và quản lý cơ sở vật chất); Bắc Mỹ và Anh với ngành ngân hàng và bán lẻ; cuối cùng là Trung Đông với ngành công nghệ</subfield>
  </datafield>
  <datafield tag="653" ind1=" " ind2=" ">
   <subfield code="a">Quản trị kinh doanh</subfield>
  </datafield>
  <datafield tag="700" ind1="1" ind2=" ">
   <subfield code="a">Lê Tường Vân</subfield>
   <subfield code="e">Dịch</subfield>
  </datafield>
  <datafield tag="942" ind1=" " ind2=" ">
   <subfield code="2">ddc</subfield>
   <subfield code="c">BK</subfield>
  </datafield>
  <datafield tag="952" ind1=" " ind2=" ">
   <subfield code="0">0</subfield>
   <subfield code="1">0</subfield>
   <subfield code="2">ddc</subfield>
   <subfield code="4">0</subfield>
   <subfield code="6">658_800000000000000_K52</subfield>
   <subfield code="7">0</subfield>
   <subfield code="9">26626</subfield>
   <subfield code="a">000001</subfield>
   <subfield code="b">000001</subfield>
   <subfield code="d">2023-01-13</subfield>
   <subfield code="o">658.8 K52</subfield>
   <subfield code="p">MD.21025</subfield>
   <subfield code="r">2023-01-13</subfield>
   <subfield code="v">99000.00</subfield>
   <subfield code="w">2023-01-13</subfield>
   <subfield code="y">BK</subfield>
  </datafield>
  <datafield tag="952" ind1=" " ind2=" ">
   <subfield code="0">0</subfield>
   <subfield code="1">0</subfield>
   <subfield code="2">ddc</subfield>
   <subfield code="4">0</subfield>
   <subfield code="6">658_800000000000000_K52</subfield>
   <subfield code="7">0</subfield>
   <subfield code="9">26627</subfield>
   <subfield code="a">000001</subfield>
   <subfield code="b">000001</subfield>
   <subfield code="d">2023-01-13</subfield>
   <subfield code="l">1</subfield>
   <subfield code="o">658.8 K52</subfield>
   <subfield code="p">MD.21026</subfield>
   <subfield code="r">2023-06-06</subfield>
   <subfield code="s">2023-05-23</subfield>
   <subfield code="v">99000.00</subfield>
   <subfield code="w">2023-01-13</subfield>
   <subfield code="y">BK</subfield>
  </datafield>
  <datafield tag="980" ind1=" " ind2=" ">
   <subfield code="a">Thư viện Trường Đại học Nam Cần Thơ</subfield>
  </datafield>
 </record>
</collection>
